LIBRARY & INFORMATION CENTRE, KCAET, TAVANUR

ONLINE PUBLIC ACCESS CATALOGUE (OPAC)

Heat transfer : A practical approach / (Record no. 12187)

MARC details
000 -LEADER
fixed length control field 00535cam a2200205ua 4500
041 ## - LANGUAGE CODE
Language code of text/sound track or separate title eng
082 ## - DEWEY DECIMAL CLASSIFICATION NUMBER
Classification number 621.4022
Item number CEN/HE
100 ## - MAIN ENTRY--AUTHOR NAME
Personal name Cengel, Yunus A .
245 ## - TITLE STATEMENT
Title Heat transfer : A practical approach /
250 ## - EDITION STATEMENT
Edition statement 2 /
260 ## - PUBLICATION, DISTRIBUTION, ETC. (IMPRINT)
Place of publication New Delhi :
Name of publisher Tata Mc-Graw Hill Publishing Company ,
Year of publication 2004.
300 ## - PHYSICAL DESCRIPTION
Number of Pages 908 ; .
500 ## - GENERAL NOTE
General note 20891- Scheme
942 ## - ADDED ENTRY ELEMENTS (KOHA)
Koha item type Books
Holdings
Withdrawn status Lost status Damaged status Home library Current library Date acquired Full call number Accession Number Koha item type
      KAUAET KAUAET 07/04/2012 621.4022 20891 Books
      KAUAET KAUAET 07/04/2012 621.4022 20952 Books
free website counter